Sports by Picture - Statistics

General Stats
  • This quiz has been taken 234 times
  • The average score is 17 of 18
Answer Stats
Picture Answer % Correct
Soccer
100%
Basketball
99%
Baseball
98%
Boxing
98%
Swimming
98%
Tennis
98%
Cycling
97%
Hockey
97%
Volleyball
97%
Bowling
96%
Golf
96%
Rock-Climbing
95%
Cricket
93%
Skiing
93%
Fencing
90%
American Football
88%
Lacrosse
81%
Curling
74%
No matching quizzes found
Score Distribution
Percent of People with Each Score
Percentile by Number Answered
Your Score History
You have not taken this quiz